Central Library OPAC University of Rajshahi

Instrumental analysis / (Record no. 10347)

MARC details
000 -LEADER
fixed length control field 00709nam a22002411 4500
001 - CONTROL NUMBER
control field 10347
003 - CONTROL NUMBER IDENTIFIER
rucl marc code BD-RjUL
005 - DATE AND TIME OF LATEST TRANSACTION
control field 20211208234935.0
008 - FIXED-LENGTH DATA ELEMENTS--GENERAL INFORMATION
fixed length control field 140123s1954 nyua b 000 0 eng
035 ## - SYSTEM CONTROL NUMBER
System control number (BD-RjUL)10395
040 ## - CATALOGING SOURCE
Original cataloging agency DLC/ICU
Transcribing agency ICU
Modifying agency DLC
-- BD-RjUL
Language of cataloging eng
041 ## - LANGUAGE CODE
Language code of text/sound track or separate title eng
082 00 - DEWEY DECIMAL CLASSIFICATION NUMBER
Classification number 543
Edition number 16
Author mark and year HAI 1954
100 1# - MAIN ENTRY--PERSONAL NAME
Personal name Harley, John H.
9 (RLIN) 31972
245 10 - TITLE STATEMENT
Title Instrumental analysis /
Statement of responsibility, etc. John H. Harley [and] Stephen E. Wiberley.
260 ## - PUBLICATION, DISTRIBUTION, ETC. (IMPRINT)
Place of publication, distribution, etc. New York :
Name of publisher, distributor, etc. Wiley,
Date of publication, distribution, etc. c1954.
300 ## - PHYSICAL DESCRIPTION
Pagination 440 p. :
Illustrations ill. ;
Size 24 cm.
504 ## - BIBLIOGRAPHY, ETC. NOTE
Bibliography, etc Includes bibliography.
650 #0 - SUBJECT ADDED ENTRY--TOPICAL TERM
Topical term or geographic name as entry element Instrumental analysis.
9 (RLIN) 29915
700 1# - ADDED ENTRY--PERSONAL NAME
Personal name Wiberley, Stephen E.,
Relator term joint author.
942 ## - ADDED ENTRY ELEMENTS (KOHA)
Source of classification or shelving scheme Dewey Decimal Classification
Koha item type Books
Holdings
Lost status Source of classification or shelving scheme Damaged status Not for loan Collection code Permanent Location Current Location Shelving location Date acquired Source of acquisition Cost, normal purchase price Total Checkouts Full call number Date last seen Copy number Koha item type
  Dewey Decimal Classification   Not For Loan Non-fiction Central Library, University of Rajshahi Central Library, University of Rajshahi Reading Room 29/11/1965 Zeitlinger 53.00   543 HAI 1954 23/01/2014 C-1 Books
  Dewey Decimal Classification     Non-fiction Central Library, University of Rajshahi Central Library, University of Rajshahi   05/09/1967 Euro-pak news agency, Dacca. 52.20   543 HAI 1954 06/10/2016 C-2 Books
  Dewey Decimal Classification     Non-fiction Central Library, University of Rajshahi Central Library, University of Rajshahi   29/11/1965 Zeit 53.00   543 HAI 1954 15/05/2017 C-3 Books
  Dewey Decimal Classification     Non-fiction Central Library, University of Rajshahi Central Library, University of Rajshahi   29/11/1965 Zeit 53.00   543 HAI 1954 15/05/2017 C-4 Books
  Dewey Decimal Classification     Non-fiction Central Library, University of Rajshahi Central Library, University of Rajshahi   29/11/1965 Zeit 53.00   543 HAI 1954 15/05/2017 C-5 Books